Bulletin of the Deccan College Post-Graduate and Research Institute

محفوظ في:

التنسيق: دورية

اللغة: Undetermined

منشور في: JSTOR
Vice Chancellor, Deccan College Post-Graduate and Research Institute (Deemed University), Pune

الموضوعات:

الوصول للمادة أونلاين: Login to view Source

الوسوم: إضافة وسم

لا توجد وسوم, كن أول من يضع وسما على هذه التسجيلة!

رقم الطلب:

LEADER 00705nas a2200169Ia 4500
008 220214c99999999xx |||||||||||| ||und||
022 |a 0045-9801 
245 0 0 |a Bulletin of the Deccan College Post-Graduate and Research Institute 
264 1 |b JSTOR 
264 1 |b Vice Chancellor, Deccan College Post-Graduate and Research Institute (Deemed University), Pune 
362 0 |a Vol. 1(1939)-78 (2018) 
500 |a Content for this title is released as soon as the latest issues become available to JSTOR. 
653 1 0 |a Asian Studies 
856 4 0 |u https://www.jstor.org/journal/bulldecccollrese 
942 |c JL 
952 |0 0  |1 0  |4 0  |7 1  |9 34363  |a JSR  |b JSR  |d 2022-02-14  |l 0  |r 2022-02-14 00:00:00  |w 2022-02-14  |y JL 
999 |c 42696  |d 42696